Tecnología prehistórica (Record no. 143147)

MARC details
000 -LEADER
campo de control de longitud fija 00763nam a2200205 4500
001 - NÚMERO DE CONTROL
campo de control 143147
003 - IDENTIFICADOR DE NÚMERO DE CONTROL
campo de control ES-MaACL
005 - FECHA Y HORA DE LA ÚLTIMA TRANSACCIÓN
campo de control 20250809045728.0
007 - CAMPO FIJO DE DESCRIPCIÓN FÍSICA--INFORMACIÓN GENERAL
campo de control de longitud fija t|
008 - DATOS DE LONGITUD FIJA--INFORMACIÓN GENERAL
campo de control de longitud fija 070214s1981 sp r ||||1| spa d
100 1# - ENTRADA PRINCIPAL--NOMBRE DE PERSONA
Nombre de persona Semenov, S. A.
9 (RLIN) 105378
245 10 - MENCIÓN DEL TÍTULO
Título Tecnología prehistórica
Resto del título : estudio de las herramientas y objetos antiguos a través de las huellas de uso /
Mención de responsabilidad, etc. S. A. Semenov ; prólogo y edición española de Assumpció Vila i Mitja.
260 ## - PUBLICACIÓN, DISTRIBUCIÓN, ETC.
Lugar de publicación, distribución, etc. Madrid :
Nombre del editor, distribuidor, etc. Akal,
Fecha de publicación, distribución, etc. 1981.
300 ## - DESCRIPCIÓN FÍSICA
Extensión IV, 370 p. ;
Dimensiones 22 cm.
490 1# - MENCIÓN DE SERIE
Mención de serie Akal universitaria. Serie arqueología ;
Designación de volumen o secuencia 6
700 1# - ENTRADA AGREGADA--NOMBRE PERSONAL
Nombre de persona Vila i Mitja, Assumpció.
9 (RLIN) 114724
830 00 - PUNTO DE ACCESO ADICIONAL DE SERIE-TÍTULO UNIFORME
Título uniforme Akal universitaria.
Nombre de parte o sección de la obra Arqueología
Designación de volumen o secuencia 6
9 (RLIN) 181489
852 ## - LOCALIZACIÓN
Ubicación ES-MaACL
Número de control de estantería L-1828
Sublocalización o colección R.102428
Holdings
Estatus retirado Estado de pérdida Estado de daño No para préstamo Biblioteca de origen Biblioteca actual Ubicación en estantería Fecha de adquisición Fuente de adquisición Total de préstamos Signatura topográfica completa Código de barras Visto por última vez Precio de reemplazo Tipo de ítem Koha
        Biblioteca del Ateneo de Madrid Biblioteca del Ateneo de Madrid Depósito 2 17/01/2008     L-1828 1148935 23/02/2023 23/02/2023 Libro impreso